000 00480nam a2200169Ia 4500
003 GCL
008 140319s9999 xx 000 0 ara d
040 _aGCL /
_cGCL
082 0 4 _a813.01
_bم ك
100 1 _aمحسن يونس
245 1 0 _aالكلام هنا للمساكين :قصص /
_cمحسن يونس
300 _a120 ص
490 _aكتاب الغد
_v0
650 0 4 _aالادب العربى
650 0 4 _aالقصص العربية القصيرة
942 _2ddc
_cBK
999 _c47206
_d47206